La prise du pouvoir par Zimri-Lim
| Authors: | ; |
|---|---|
| Format: | Print Article |
| Language: | French |
| Check availability: | HBZ Gateway |
| Interlibrary Loan: | Interlibrary Loan for the Fachinformationsdienste (Specialized Information Services in Germany) |
| Published: |
1985
|
| In: |
Mari
Year: 1985, Volume: 4, Pages: 293-343 |
| Standardized Subjects / Keyword chains: | B
Babylonia
/ History 1900 BC-539 BC
|
| IxTheo Classification: | HH Archaeology TC Pre-Christian history ; Ancient Near East |
| Further subjects: | B
Mari Euphrates
B Appianus (95-162) Syriaca |
MARC
| LEADER | 00000naa a22000002c 4500 | ||
|---|---|---|---|
| 001 | 1649972318 | ||
| 003 | DE-627 | ||
| 005 | 20190311180304.0 | ||
| 007 | tu | ||
| 008 | 190311s1985 xx ||||| 00| ||fre c | ||
| 035 | |a (DE-627)1649972318 | ||
| 035 | |a (DE-576)518582167 | ||
| 035 | |a (DE-599)BSZ518582167 | ||
| 040 | |a DE-627 |b ger |c DE-627 |e rakwb | ||
| 041 | |a fre | ||
| 084 | |a 1 |2 ssgn | ||
| 100 | 1 | |0 (DE-588)1076130216 |0 (DE-627)834454114 |0 (DE-576)164202633 |4 aut |a Charpin, Dominique |d 1954- | |
| 109 | |a Charpin, Dominique 1954- |a Charpin, D. 1954- | ||
| 245 | 1 | 3 | |a La prise du pouvoir par Zimri-Lim |
| 264 | 1 | |c 1985 | |
| 336 | |a Text |b txt |2 rdacontent | ||
| 337 | |a ohne Hilfsmittel zu benutzen |b n |2 rdamedia | ||
| 338 | |a Band |b nc |2 rdacarrier | ||
| 600 | 0 | 7 | |0 (DE-588)4246088-8 |0 (DE-627)701540796 |0 (DE-576)210476753 |a Appianus |d 95-162 |t Syriaca |2 gnd |
| 651 | 7 | |0 (DE-588)4037498-1 |0 (DE-627)106237047 |0 (DE-576)209024747 |a Mari |g Euphrat |2 gnd | |
| 652 | |a HH:TC | ||
| 689 | 0 | 0 | |d g |0 (DE-588)4004102-5 |0 (DE-627)10638757X |0 (DE-576)208853987 |2 gnd |a Babylonien |
| 689 | 0 | 1 | |q z |2 gnd |a Geschichte v1900-v539 |
| 689 | 0 | |5 (DE-627) | |
| 700 | 1 | |0 (DE-588)138794839 |0 (DE-627)605721661 |0 (DE-576)30908377X |4 aut |a Durand, Jean-Marie |d 1940- | |
| 773 | 0 | 8 | |i In |t Mari |d Paris : Ed. Recherche sur les Civilisations, 1982 |g 4(1985), Seite 293-343 |w (DE-627)130640891 |w (DE-600)803113-7 |w (DE-576)01616430X |x 0757-228X |7 nnas |
| 773 | 1 | 8 | |g volume:4 |g year:1985 |g pages:293-343 |
| 935 | |a BIIN | ||
| 951 | |a AR | ||
| BIB | |a 1 | ||
| ELC | |b 1 | ||
| ITA | |a 1 |t 1 | ||
| LOK | |0 000 xxxxxcx a22 zn 4500 | ||
| LOK | |0 001 3335307240 | ||
| LOK | |0 003 DE-627 | ||
| LOK | |0 004 1649972318 | ||
| LOK | |0 005 20190311180304 | ||
| LOK | |0 008 190311||||||||||||||||ger||||||| | ||
| LOK | |0 035 |a (DE-Tue135-1)5741 | ||
| LOK | |0 040 |a DE-Tue135-1 |c DE-627 |d DE-Tue135-1 | ||
| LOK | |0 852 |a DE-Tue135-1 | ||
| LOK | |0 852 1 |c FTHAT097850/4/CND/2 |m p |9 00 | ||
| LOK | |0 852 2 |b Z 4/513 |9 00 | ||
| LOK | |0 935 |a iZSA | ||
| LOK | |0 936ln |0 1442044187 |a HH | ||
| LOK | |0 936ln |0 1442053569 |a TC | ||
| LOK | |0 938 |k p | ||
| LOK | |0 939 |a 11-03-19 |b l12 | ||
| ORI | |a SA-MARC-ixtheoa001.raw | ||
| REL | |a 1 | ||
| STA | 0 | 0 | |a Babylonia |
| SUB | |a BIB |a REL | ||
| SYA | 0 | 0 | |a Appianus,95-162,Syrische Geschichte,Appianus,95-162,De rebus Syriacis,Appianus,95-162,Syriaka,Appianus,95-162,Syriakē,Appianus,95-162,Syrisches Buch,Appianus,95-162,Historia Romana 11 |
| SYF | 0 | 0 | |a Čeremissen,Tscheremissen,Cheremis , Tell Ḥarîri,Mari,Mari,Königreich Mari |
| SYG | 0 | 0 | |a Babylonisches Reich,Babylonisches Reich |
| TIM | |a 099981000101_099994611231 |b Geschichte v1900-v539 | ||